Sports Quiz

Random Sports Quiz
Score 0/30 Timer 05:00
0 Plays Today
% Correct
Jeff gordon
98.4%
Dale Earnhardt Jr
96.8%
Carl Edwards
96.8%
Jamie McMurray
95.2%
Jimmie Johnson
93.5%
Danica Patrick
93.5%
Austin Dillon
93.5%
Kyle Busch
91.9%
Denny Hamlin
91.9%
Joey Logano
91.9%
Brad Keselowski
91.9%
Kevin Harvick
90.3%
Kurt Busch
90.3%
Matt Kenesth
90.3%
Kasey kahne
88.7%
% Correct
Tony Stewart
88.7%
Kyle Larson
88.7%
Ryan Newman
87.1%
Greg Bifle
87.1%
Clint Bowyer
85.5%
Aric Almirola
85.5%
Martin Truex Jr
85.5%
Marcos Ambrose
82.3%
Brian Vickers
82.3%
Casey Mears
82.3%
AJ Allmendinger
80.6%
Paul Menard
80.6%
Ricky Stenhouse Jr
80.6%
David Gilliland
75.8%
Cole Whitt
69.4%
Remove Ads.
Support Sporcle.
Get the best of Sporcle when you Go Orange. This ad-free experience offers more features, more stats, and more fun while also helping to support Sporcle. Thank you for becoming a member.

You're not logged in!

Compare scores with friends on all Sporcle quizzes.
OR
Log In

Show Comments

Extras

Created Jan 11, 2015ReportNominate
Tags:NASCAR, Nascar Driver

Top Quizzes Today


Score Distribution

Your Account Isn't Verified!

In order to create a playlist on Sporcle, you need to verify the email address you used during registration. Go to your Sporcle Settings to finish the process.

Report this User

Report this user for behavior that violates our Community Guidelines.

Details: